000 01044nam a2200277Ia 4500
001 Para_10168
003 CHAP
008 220125sNovi xx 000 0 und d
010 _a208705
040 _cCHAP
090 _aPA CD - TESIS 226
100 _aBarreto Olivar, Roberto
_9125660
245 _aResistencia de dos Biotipos de Avena fatus L. a los herbicidas mesosulfuron + iodosulfuron Y pinoxaden bajo condiciones de invernadero en Chapingo, México /
_c Roberto Barreto Olivar. Director José Antonio Tafoya Razo.
260 _aChapingo, Méx. :
_b el autor
300 _a1 CDS ROM (58 p.)
502 _aTesis (Ing. Agr. Esp. en Parasitología Agrícola). UACh. Departamento Parasitología Agrícola
700 _aTafoya Razo, José Antonio. Director
_9175112
710 _aUACh. Departamento Parasitología Agrícola
_9164025
901 _aPA CD - TESIS 226
902 _aM
905 _a513220Noviembre, 2012 amn 8100000000 06
910 _aNovi
942 _cPARA
942 _cPARA
_d2
999 _c208705
_d208705